MARC

LEADER 00000nam0a2200000 4500
001 286582
005 20231101235915.0
020 |a RU  |b 85-62214 
035 |a (RuTPU)RU\TPU\book\310902 
090 |a 286582 
100 |a 20150306d1985 k y0rusy5003 ca 
101 0 |a rus 
102 |a RU 
105 |a a z 001zy 
200 1 |a Голографические распознающие устройства  |f Г. И. Василенко, Л. М. Цибулькин 
210 |a Москва  |c Радио и связь  |d 1985 
215 |a 310 с.  |c ил. 
320 |a Библиогр.: с. 301-308 
606 |a Распознающие устройства голографические  |2 stltpush  |3 (RuTPU)RU\TPU\subj\23837  |9 48353 
610 1 |a построение 
610 1 |a голографические фильтры 
610 1 |a изготовление 
610 1 |a использование 
610 1 |a распознавание образов 
610 1 |a оптическая обработка 
610 1 |a информация 
610 1 |a корреляторы 
675 |a 681.327.12.001.362  |z rus  |v 3 
700 1 |a Василенко  |b Г. И.  |g Георгий Иванович 
701 1 |a Цибулькин  |b Л. М.  |g Леонид Михайлович 
801 0 |a RU  |b RuMRKP  |c 19950704  |g psbo 
801 1 |a RU  |b 63413507  |c 20150306 
801 2 |a RU  |b 63413507  |c 20171110  |g RCR 
942 |c BK